| 000 | 02150nam a2200457 a 4500 | ||
|---|---|---|---|
| 005 | 20240430093814.0 | ||
| 008 | 100629s2012||||sp a f |||| 001 0 spa d | ||
| 020 | _a9781437715286 | ||
| 041 | _aspa | ||
| 092 |
_c616.079 _l1 _sABB |
||
| 100 | 1 |
_aAbbas, Abul K. _949 |
|
| 245 |
_aInmunología celular y molecular / _cAbul K. Abbas |
||
| 250 |
_a7a ed. en español de la 7a ed. original en inglés _bRevisión científica Juan Manuel Igea |
||
| 260 |
_aBarcelona: _bElsevier Saunders; _c2012. |
||
| 300 |
_a546 p. _bil. |
||
| 500 | _aAbbas, A. K., Lichtman, A. H. y Pillai, S. (Col.). (2012). Inmunología celular y molecular. (7a ed.). Barcelona : Elsevier ; Saunders. | ||
| 653 | _aPropiedades y generalidades de las respuestas inmunitarias | ||
| 653 | _aCélulas y tejidos del sistema inmunitario | ||
| 653 | _aMigración del leucocito a los tejidos | ||
| 653 | _aInmunidad innata | ||
| 653 | _aAnticuerpos y antigenos | ||
| 653 | _aMoléculas del complejo principal de histocompatibilidad y presentación del antígeno a los linfocitos T | ||
| 653 | _aReceptores inmunitarios y transducción de señales | ||
| 653 | _aDesarrollo del linfocito y reordenamiento del gen del receptor para el antígeno | ||
| 653 | _aActivación de los linfocitos T | ||
| 653 | _aMecanismos efectores de la inmunidad humoral | ||
| 653 | _aInmunidad regional: respuestas inmunitarias especializadas en los tejidos epiteliales y con privilegio inmunitario | ||
| 653 | _aTolerancia inmunitaria y autoinmunidad | ||
| 653 | _aInmunidad frente a los microbios | ||
| 653 | _aInmunología del transplante | ||
| 653 | _aInmunilogía antitumoral | ||
| 653 | _aTranstornos por hipersensibilidad | ||
| 653 | _aRespuestas inmunitarias dependientes de la EgE y enfermedades alérgicas | ||
| 653 | _aInmunodeficiencias congénitas y adquiridas | ||
| 653 | _aApéndice: citocinas | ||
| 653 | _aApéndice: principales caracteristicas de algunas moléculas CD | ||
| 653 | _aApéndice: técnicas de laboratorio usadas con frecuencia en inmunología | ||
| 700 | 1 |
_aLichtman, Andrew H. _91038 |
|
| 700 | 1 |
_aPillai, Shiv _92844 |
|
| 942 |
_2ddc _cBK |
||
| 999 |
_c2062 _d2062 |
||